| 000 | 00538nam a2200193 i 4500 | ||
|---|---|---|---|
| 001 | bg | ||
| 100 | 1 | _aZIELENIEWSKI, Jan | |
| 245 | 0 |
_aOrganizacja zespołów ludzkich : _bwstęp do teorii organizacji i kierowania / _cJan Zieleniewski. |
|
| 250 | _aWyd.4. | ||
| 260 |
_aWarszawa : _bPańst. Wydaw. Naukowe, _c1972. |
||
| 300 |
_a663 s. ; _c21 cm. |
||
| 650 | 9 |
_aZarządzanie _xteoria |
|
| 650 | 9 |
_aOrganizacja _xteoria |
|
| 040 | _cBPK | ||
| 041 | _apol | ||
| 080 | _a65.01 | ||
| 942 | _cKS | ||
| 008 | s pl f |000 0 pol | ||
| 999 |
_c3543 _d3543 |
||
| 856 |
_uhttp://koha.tu.koszalin.pl/cgi-bin/koha/opac-detail.pl?biblionumber=3543 _yKatalog online BPK |
||